000
00267nam a2200109Ia 4500
008
200302s9999 xx 000 0 und d
100
_a
W. T. W. (Bill) Cory
245
_a
Fans & Ventilation a Practical Guide
260
_b
Elsevier Ltd.
260
_c
2013
300
_a
424
999
_c
3374
_d
3374